[Event "Mar del Plata op 51st"]
[Site "Mar del Plata"]
[Date "2022.04.09"]
[Round "1"]
[White "Gomez, Roberto Carlos"]
[Black "Flores, Diego"]
[Result "0-1"]
[WhiteElo "1839"]
[BlackElo "2562"]
[PlyCount "48"]
[EventDate "2022.04.09"]
[EventType "swiss"]
[EventRounds "9"]
[EventCountry "ARG"]
[SourceTitle "CBM 208 Extra"]
[Source "ChessBase"]
[SourceDate "2022.07.31"]
[SourceVersion "1"]
[SourceVersionDate "2022.07.31"]
[SourceQuality "1"]

1. d4 Nf6 2. Nf3 g6 3. c4 Bg7 4. g3 0-0 5. Bg2 c5 6. 0-0 Nc6 7. Nc3 d6 8. a3 cxd4 9. Nxd4 Bd7 10. e4 Nxe4 11. Bxe4 Nxd4 12. Bxb7 Rb8 13. Be4 Nb3 14. Ra2 a5 15. Re1 a4 16. Bg5 h6 17. Bf4 Re8 18. h4 Qc8 19. Qe2 Bc6 20. Nb5 Qb7 21. Nc3 Rbc8 22. Qe3 Bxe4 23. Nxe4 Nd4 24. b4 axb3 0-1

[Event "Santa Teresita op 2nd"]
[Site "Santa Teresita"]
[Date "2017.07.02"]
[Round "5"]
[White "Gomez, Roberto Carlos"]
[Black "Alfaro, Hector Luis"]
[Result "1/2-1/2"]
[WhiteElo "1827"]
[BlackElo "2043"]
[PlyCount "122"]
[EventDate "2017.06.30"]
[EventType "swiss"]
[EventRounds "6"]
[EventCountry "ARG"]
[SourceTitle "EXT 2022"]
[Source "ChessBase"]
[SourceDate "2021.10.06"]
[SourceVersion "1"]
[SourceVersionDate "2021.10.06"]
[SourceQuality "1"]

1. d4 d5 2. Nf3 Nf6 3. c4 e6 4. g3 Bb4+ 5. Bd2 Bxd2+ 6. Nbxd2 0-0 7. Bg2 b6 8. 0-0 Bb7 9. Rc1 dxc4 10. Nxc4 Nbd7 11. Qc2 Rc8 12. Rfe1 Be4 13. Qd2 c5 14. Nd6 Rb8 15. Nxe4 Nxe4 16. Qf4 Nef6 17. e4 Rc8 18. e5 Nd5 19. Qe4 cxd4 20. Nxd4 Nc5 21. Qg4 Qd7 22. Red1 Rfd8 23. Qh5 h6 24. Bxd5 exd5 25. Nf5 Ne6 26. Qg4 Rxc1 27. Rxc1 Kh7 28. Rd1 g6 29. Nd6 f5 30. Qh4 d4 31. b3 Ng5 32. Kf1 Ne6 33. g4 g5 34. Qg3 f4 35. Qd3+ Kg7 36. Nf5+ Kh8 37. Nxh6 Qh7 38. Qxh7+ Kxh7 39. Nf5 Rd5 40. Kg2 Rxe5 41. Rd2 Rd5 42. h4 gxh4 43. Nxh4 d3 44. Nf5 Ng5 45. f3 Ne6 46. Kf2 Nc5 47. Kf1 Rd7 48. Ke1 Rd8 49. Rh2+ Kg8 50. Kd2 a5 51. g5 b5 52. g6 Ne6 53. Rg2 Nd4 54. Nh4 Kg7 55. Rg4 Ne6 56. Ng2 b4 57. Nxf4 Nxf4 58. Rxf4 Kxg6 59. Re4 Rc8 60. Kxd3 Rc3+ 61. Kd2 Rxf3 1/2-1/2

[Event "Mar del Plata"]
[Site "Mar del Plata"]
[Date "2016.09.05"]
[Round "1.2"]
[White "Gomez, Roberto Carlos"]
[Black "Fabrizio, Gustavo"]
[Result "0-1"]
[WhiteElo "1865"]
[BlackElo "1971"]
[PlyCount "73"]
[EventDate "2016.09.05"]
[EventType "tourn"]
[EventRounds "10"]
[EventCountry "ARG"]
[SourceTitle "EXT 2024"]
[Source "ChessBase"]
[SourceDate "2023.10.10"]
[SourceVersion "1"]
[SourceVersionDate "2023.10.10"]
[SourceQuality "1"]

1. d4 Nf6 2. Nf3 g6 3. c4 Bg7 4. Nc3 d5 5. g3 0-0 6. Bg2 c6 7. 0-0 e6 8. a4 a5 9. c5 Nbd7 10. Bg5 h6 11. Bf4 b6 12. cxb6 Qxb6 13. Ra3 Ba6 14. Rb3 Qa7 15. Qc2 Bc4 16. Ra3 c5 17. dxc5 Qxc5 18. Be3 Qe7 19. Qc1 Ng4 20. Bd2 Rfc8 21. h3 Ngf6 22. Bxh6 Bxe2 23. Bxg7 Kxg7 24. Re1 Bxf3 25. Bxf3 Qb4 26. Qg5 Qxb2 27. Nb5 Rc2 28. Rf1 Rac8 29. Raa1 Ne5 30. Qe3 Nxf3+ 31. Qxf3 Rc1 32. Raxc1 Rxc1 33. Qe3 Rxf1+ 34. Kxf1 Qa1+ 35. Kg2 Qxa4 36. Nd6 d4 37. Qd3 0-1

[Event "Chascomus U2200 op"]
[Site "Chascomus"]
[Date "2016.08.07"]
[Round "6.4"]
[White "Taus, Alejandro"]
[Black "Gomez, Roberto Carlos"]
[Result "0-1"]
[WhiteElo "1938"]
[BlackElo "1853"]
[PlyCount "92"]
[EventDate "2016.08.05"]
[EventType "swiss"]
[EventRounds "6"]
[EventCountry "ARG"]
[SourceTitle "EXT 2024"]
[Source "ChessBase"]
[SourceDate "2023.10.10"]
[SourceVersion "1"]
[SourceVersionDate "2023.10.10"]
[SourceQuality "1"]

1. d4 Nf6 2. Bf4 e6 3. e3 b6 4. Nf3 Bb7 5. Bd3 Be7 6. Qe2 Ne4 7. 0-0 g5 8. Be5 Rg8 9. Nfd2 Nf6 10. e4 d6 11. Bg3 Nbd7 12. c4 e5 13. d5 a5 14. Nc3 Nf8 15. c5 bxc5 16. Bb5+ N8d7 17. Nc4 h5 18. f3 Qc8 19. Bxe5 dxe5 20. Nxe5 Bd6 21. Nxd7 Bxh2+ 22. Kxh2 Nxd7 23. e5 c6 24. Ne4 Kf8 25. dxc6 Bxc6 26. Nd6 Qc7 27. Rfe1 Rb8 28. Bxc6 Qxc6 29. Rad1 Rg6 30. Nf5 Re8 31. Rd6 Rxd6 32. Nxd6 Rxe5 33. Ne4 f5 34. Qd2 fxe4 35. fxe4 Ke7 36. Rd1 c4 37. Kh1 g4 38. a3 h4 39. Rf1 h3 40. Re1 hxg2+ 41. Qxg2 Rh5+ 42. Kg1 Qe6 43. Rd1 Ne5 44. Kf1 Nf3 45. Rd5 Rxd5 46. exd5 Qe1# 0-1

[Event "Mar del Plata op 47th"]
[Site "Mar del Plata"]
[Date "2016.03.19"]
[Round "1"]
[White "Gomez, Roberto Carlos"]
[Black "Palu, Andres"]
[Result "1/2-1/2"]
[WhiteElo "1869"]
[BlackElo "2265"]
[PlyCount "55"]
[EventDate "2016.03.19"]
[EventType "swiss"]
[EventRounds "9"]
[EventCountry "ARG"]
[SourceTitle "CBM 171 Extra"]
[Source "ChessBase"]
[SourceDate "2016.04.26"]
[SourceVersion "1"]
[SourceVersionDate "2016.04.26"]
[SourceQuality "1"]

1. d4 Nf6 2. Nf3 e6 3. e3 b6 4. Bd3 Bb7 5. Nbd2 d5 6. 0-0 Nbd7 7. b3 Bd6 8. Bb2 0-0 9. Ne5 Ne4 10. f4 Nxd2 11. Qxd2 f5 12. Rf3 Nf6 13. Qe2 Qe7 14. Raf1 Ne4 15. Rh3 Rf6 16. Kh1 Bxe5 17. fxe5 Rg6 18. Rf4 Rf8 19. Bxe4 fxe4 20. Rhh4 Rg5 21. Qf2 Rgf5 22. Rxf5 Rxf5 23. Rf4 Rxf4 24. Qxf4 Qf7 25. Qxf7+ Kxf7 26. Kg1 Kg6 27. Kf2 Kf5 28. Ba3 1/2-1/2

[Event "Pinamar U2200 op"]
[Site "Pinamar"]
[Date "2015.11.07"]
[Round "1.4"]
[White "Gomez, Gustavo"]
[Black "Gomez, Roberto Carlos"]
[Result "0-1"]
[WhiteElo "1723"]
[BlackElo "1880"]
[PlyCount "84"]
[EventDate "2015.11.07"]
[EventType "swiss"]
[EventRounds "6"]
[EventCountry "ARG"]
[SourceTitle "EXT 2024"]
[Source "ChessBase"]
[SourceDate "2023.10.10"]
[SourceVersion "1"]
[SourceVersionDate "2023.10.10"]
[SourceQuality "1"]

1. d4 Nf6 2. c4 e6 3. Nf3 b6 4. Nc3 Bb4 5. Qc2 Bb7 6. Bg5 h6 7. Bh4 0-0 8. a3 Bxc3+ 9. Qxc3 d6 10. e3 Nbd7 11. Bd3 Qe8 12. b4 Ne4 13. Qc2 f5 14. Nd2 Nxd2 15. Qxd2 Qh5 16. Bg3 Bxg2 17. Rg1 Bf3 18. c5 bxc5 19. dxc5 dxc5 20. Bb5 Nf6 21. Bxc7 Ne4 22. Qb2 Qf7 23. Be5 Nf6 24. Rg3 Bh5 25. Bxf6 Qxf6 26. Qxf6 Rxf6 27. bxc5 Rc8 28. Rc1 e5 29. Bd7 Rc7 30. c6 Rd6 31. Rb1 Kf7 32. f4 exf4 33. exf4 Kf6 34. a4 Bf7 35. a5 Rd4 36. Rb7 Rxb7 37. cxb7 Rb4 38. Bc8 Ba2 39. a6 Bc4 40. Rc3 Bd5 41. Rc5 Be4 42. Ke2 g5 0-1

[Event "Madariaga Tiberio Cup"]
[Site "Madariaga"]
[Date "2014.06.21"]
[Round "3"]
[White "Gomez, Roberto Carlos"]
[Black "Spinelli, Edgardo"]
[Result "1-0"]
[WhiteElo "1948"]
[BlackElo "1801"]
[PlyCount "75"]
[EventDate "2014.06.20"]
[EventType "swiss"]
[EventRounds "7"]
[EventCountry "ARG"]
[SourceTitle "CBM 161 Extra"]
[Source "ChessBase"]
[SourceDate "2014.08.29"]
[SourceVersion "1"]
[SourceVersionDate "2014.08.29"]
[SourceQuality "1"]

1. d4 d5 2. Nf3 e6 3. c4 b6 4. cxd5 exd5 5. Nc3 Bb7 6. Bg5 Be7 7. Bxe7 Qxe7 8. e3 Nf6 9. Bd3 c5 10. dxc5 bxc5 11. 0-0 0-0 12. Rc1 Nbd7 13. h3 Rab8 14. Re1 Rfe8 15. Qa4 Ra8 16. Qf4 a6 17. b3 Ne5 18. Nxe5 Qxe5 19. Qh4 Qh5 20. Qxh5 Nxh5 21. Na4 Bc6 22. Nxc5 a5 23. Be2 Nf6 24. Red1 Rec8 25. Bf3 Kf8 26. Nd3 Bb7 27. Nf4 Rxc1 28. Rxc1 Rd8 29. Rc7 Ba8 30. Ra7 g5 31. Ne2 Ne4 32. Bh5 Nd6 33. Rxa5 Ke7 34. Nd4 h6 35. Ra6 f5 36. Bf3 Kf6 37. Nb5 Ke5 38. Nxd6 1-0